[Event "Budapest FS12 IM"]
[Site "Budapest"]
[Date "1995.??.??"]
[Round "1"]
[White "Jakovenko, Dmitrij"]
[Black "Eperjesi, Laszlo"]
[Result "1/2-1/2"]
[WhiteElo "2275"]
[BlackElo "2280"]

1.e4 c6 2.d4 d5 3.Nc3 dxe4 4.Nxe4 Nd7 5.Bc4 Ngf6 6.Ng5 e6 7.Qe2 Nb6 8.Bb3 h6
9.N5f3 a5 10.a3 a4 11.Ba2 c5 12.dxc5 Bxc5 13.Ne5 O-O 14.Ngf3 Nbd7 15.O-O Nxe5
16.Nxe5 b6 17.Qf3 Ba6 18.Rd1 Qc7 19.Ng4 Nxg4 20.Qxg4 Kh8 21.Bf4 Qe7 22.Be5 Qg5
23.Qxg5 hxg5 24.Rd2 Rfd8 25.Rad1 Rxd2 26.Rxd2 Rc8 27.g4 Kg8 28.Kg2 Kf8 29.c3 Ke7
30.Bb1 Bb7+ 31.f3 f6 32.Bd4 e5 33.Bf2 Bxf2 34.Kxf2 Rc4 35.Ke3 Rf4 36.Rf2 Kd6
37.h3 Kc5 38.Bd3 Bc6 39.Bb1 Bd5 40.Bd3 Bf7 41.Rg2 g6 42.Rg3 Be8 43.Bb1 Kd6
44.Be4 Ke7 45.Bd5 Bb5 46.Rg1 Kd6 47.Rd1 Kc5 48.Bb7 Bc4 49.Rd7 b5 50.Rc7+ Kb6
51.Rg7 Bf1 52.Be4 Bxh3 53.Rxg6 Kc5 54.Rg8 Bf1  1/2-1/2

[Event "Budapest FS12 IM"]
[Site "Budapest"]
[Date "1995.??.??"]
[Round "3"]
[White "Arnold, Johannes"]
[Black "Jakovenko, Dmitrij"]
[Result "1/2-1/2"]
[WhiteElo "2250"]
[BlackElo "2275"]

1.d4 d5 2.c4 e6 3.Nc3 Nf6 4.Bg5 Be7 5.cxd5 exd5 6.e3 O-O 7.Bd3 Nbd7 8.Nf3 c6
9.O-O Re8 10.Qc2 Nf8 11.h3 Ng6 12.Rab1 Bd6 13.Nh4 Nxh4 14.Bxh4 h6 15.Ne2 Qe7
16.Bg3 a5 17.Bxd6 Qxd6 18.Nc3 Be6 19.Rfc1 Rec8 20.Na4 Nd7 21.a3 Ra7 22.b4 axb4
23.axb4 b6 24.b5 c5 25.dxc5 Nxc5 26.Nxc5 Rxc5 27.Qb2 Rac7 28.Rxc5 Qxc5 29.Ra1 Rc8
30.Ra7 g6 31.Qf6 Qc3 32.Qxc3 Rxc3 33.Be2 Rc2 34.Bg4 Bxg4 35.hxg4 Rc1+ 36.Kh2 Rb1
37.f4 Rxb5 38.Kg3 Kg7 39.g5 hxg5 40.fxg5 Rb1 41.Rd7 Kf8 42.Rxd5 b5 43.Rd7 b4
44.Rb7 b3 45.Kf4 b2 46.Ke5 Ke8 47.e4 Kd8 48.Rb3 Kd7 49.Rb7+ Kc6 50.Rb8 Kc5
51.Rb7 Kc4 52.Rc7+ Kd3 53.Rd7+ Ke3 54.Rb7 Kf2 55.Kf6 Kg3 56.Kxf7 Rf1+ 57.Kxg6 b1=Q
58.Rxb1 Rxb1 59.Kf6 Kf4 60.e5 Rb6+ 61.e6 Rxe6+  1/2-1/2

[Event "Budapest FS12 IM"]
[Site "Budapest"]
[Date "1995.??.??"]
[Round "4"]
[White "Jakovenko, Dmitrij"]
[Black "Touzane, Olivier"]
[Result "1-0"]
[WhiteElo "2275"]
[BlackElo "2250"]

1.e4 e6 2.d4 d5 3.Nc3 Nf6 4.e5 Nfd7 5.f4 c5 6.Nf3 Nc6 7.Be3 a6 8.Be2 cxd4
9.Nxd4 Bc5 10.Qd2 Nxd4 11.Bxd4 Bxd4 12.Qxd4 Qb6 13.O-O-O Qxd4 14.Rxd4 f6
15.exf6 Nxf6 16.g4 O-O 17.g5 Ne8 18.Re1 Nc7 19.Bg4 Bd7 20.Re5 Rf7 21.Kd2 Re8
22.Ke3 Rfe7 23.a4 a5 24.Be2 Kf7 25.h4 g6 26.h5 Rb8 27.b3 b5 28.axb5 Nxb5
29.Bxb5 Bxb5 30.Nxb5 Rxb5 31.h6 Rc7 32.Kd3 Rbc5 33.c4 a4 34.bxa4 Rxc4 35.Re1 Ke7
36.Rxc4 Rxc4 37.f5 gxf5 38.g6 Rxa4 39.g7 Rg4 40.Ra1 Rg3+ 41.Ke2 Kf7 42.Ra8 Rxg7
43.hxg7 Kxg7 44.Kd3 h5 45.Kd4 Kf6 46.Re8 h4 47.Rg8 f4 48.Rg4 Kf5 49.Rxh4 e5+
50.Kd3 e4+ 51.Kd4 Kg5 52.Rh1 Kg4 53.Kxd5 Kf3 54.Kd4 e3 55.Kd3 Kg2 56.Ra1 Kf2
57.Ra2+ Kf3 58.Rb2 Kg4 59.Ke4 Kg3 60.Re2  1-0

[Event "Budapest FS12 IM"]
[Site "Budapest"]
[Date "1995.??.??"]
[Round "5"]
[White "Kersten, Uwe"]
[Black "Jakovenko, Dmitrij"]
[Result "1-0"]
[WhiteElo "2320"]
[BlackElo "2275"]

1.d4 d5 2.c4 e6 3.Nc3 Nf6 4.cxd5 exd5 5.Bg5 Be7 6.e3 Nbd7 7.Bd3 c6 8.Qc2 O-O
9.Nf3 Re8 10.O-O Nf8 11.Rab1 Be6 12.b4 a6 13.a4 Rc8 14.Rfc1 Ng6 15.Bxf6 Bxf6
16.Bf5 Qd7 17.Bxe6 fxe6 18.Qb3 e5 19.Ne4 Kh8 20.Nxf6 gxf6 21.b5 axb5 22.axb5 e4
23.Ne1 f5 24.g3 Kg7 25.bxc6 bxc6 26.Qb7 Rc7 27.Qa6 Rec8 28.Ng2 Kh6 29.Rc5 Ra7
30.Qe2 Rca8 31.Rbc1 Ra1 32.Qb2 R1a2 33.Qb3 R8a3 34.Qd1 Rd3 35.Qf1 Rdd2 36.Nf4 Rxf2
37.Qh3+ Kg7 38.Rxc6 Rfd2 39.Rc7  1-0

[Event "Budapest FS12 IM"]
[Site "Budapest"]
[Date "1995.??.??"]
[Round "6"]
[White "Jakovenko, Dmitrij"]
[Black "Mijailovic, Zoran"]
[Result "1-0"]
[WhiteElo "2275"]
[BlackElo "2360"]

1.e4 e5 2.Nf3 Nf6 3.Nxe5 d6 4.Nf3 Nxe4 5.d4 d5 6.Bd3 Nc6 7.O-O Be7 8.Re1 Bf5
9.c4 Nb4 10.Bf1 dxc4 11.Nc3 Nxc3 12.bxc3 Nd5 13.Bxc4 Be6 14.Qb3 O-O 15.Qxb7 Qd6
16.Qb3 Rab8 17.Qc2 Ne3 18.Bxe3 Bxc4 19.Ne5 Be6 20.Bf4 Rfe8 21.Qa4 Qa3 22.Qc6 Qd6
23.Bg3 Bd5 24.Qa4 Qa3 25.Qxa3 Bxa3 26.c4 Bb7 27.Rab1 f6 28.Nd3 Ba6 29.Rxe8+ Rxe8
30.Rb3 Bxc4 31.Rxa3 Bxd3 32.h3 Bc4 33.Ra4 Bb5 34.Rxa7 Rd8 35.a4 Bd3 36.Bxc7 Rxd4
37.a5 Ra4 38.Bb6 h5 39.Rd7 Ba6 40.Ra7 Bc4 41.Rd7 Be6 42.Rd6 Kf7 43.Bd8 Ra2
44.Rd1 Ke8 45.Bb6 Kf7 46.Kh2 Ra3 47.Rd2 g5 48.Rc2 Bd5 49.Rc7+ Kg6 50.Rd7 Be6
51.Rd6 Kf7 52.Bd8 f5 53.Bxg5 Rxa5 54.Kg3 Ra4 55.f4 Ra2 56.Kh4 Rxg2 57.Kxh5 Rc2
58.Rb6 Bd7 59.Rb7 Ke6 60.Kg6 Be8+ 61.Kg7 Kd6 62.Re7 Rc7 63.Rxc7 Kxc7 64.Kf6 Kd7
65.Kxf5 Bh5 66.Kf6 Ke8 67.Bh6 Bf7 68.f5 Bh5 69.h4 Bf7 70.Kg7 Bh5 71.f6 Bf7
72.Be3 Bh5 73.Bc5 Bf7 74.Ba3 Bh5 75.Kh6 Be2 76.Kg6 Bc4 77.h5 Bf7+ 78.Kh6 Kd7
79.Kg5 Ke6 80.h6 Bg8 81.Kg6  1-0

[Event "Budapest FS12 IM"]
[Site "Budapest"]
[Date "1995.??.??"]
[Round "7"]
[White "Turzo, Attila"]
[Black "Jakovenko, Dmitrij"]
[Result "0-1"]
[WhiteElo "2310"]
[BlackElo "2275"]

1.e4 e5 2.Nf3 Nc6 3.d4 exd4 4.Nxd4 Nf6 5.Nxc6 bxc6 6.e5 Qe7 7.Qe2 Nd5 8.c4 Ba6
9.b3 g6 10.f4 Bg7 11.Qf2 Nf6 12.Bd3 Ng4 13.Qe2 Nxe5 14.fxe5 Qxe5 15.Nc3 Qxe2+
16.Kxe2 Bxc3 17.Rb1 O-O-O 18.Be3 Rhe8 19.Kf3 d5 20.Rbc1 d4 21.Bg5 f6 22.Bh6 c5
23.h4 Bb7+ 24.Kf2 Be4 25.Rh3 Bxd3 26.Rxd3 Re4 27.Bg7 Rde8 28.Bxf6 Re3 29.Rdxc3 Re2+
30.Kf3 dxc3 31.Rxc3 Rxa2 32.g4 Ree2 33.Kf4 Rac2 34.Rh3 Rg2 35.h5 Rcf2+ 36.Kg5 h6+
37.Kxh6 Rxf6 38.Kg5 gxh5 39.Kxf6 hxg4 40.Rh8+ Kb7 41.Kg5 Rg3 42.Kf5  0-1

[Event "St Ingbert op"]
[Site "St Ingbert op"]
[Date "1995.??.??"]
[Round "5"]
[White "Usachyi, Mark"]
[Black "Jakovenko, Dmitrij"]
[Result "0-1"]
[WhiteElo "2290"]
[BlackElo "2275"]

1.Nf3 d5 2.d4 Nf6 3.c4 e6 4.Nc3 Be7 5.cxd5 exd5 6.Bf4 O-O 7.e3 c6 8.Bd3 Nbd7
9.Qc2 Re8 10.O-O Nf8 11.Rab1 Ng6 12.Bg3 a5 13.a3 Bd6 14.b4 Bg4 15.Na4 Ne4
16.Bxe4 dxe4 17.Bxd6 exf3 18.Qc5 fxg2 19.Rfc1 Nh4 20.Bg3 Nf3+ 21.Kxg2 Nd2
22.h3 Bf3+ 23.Kh2 Nxb1 24.Rxb1 axb4 25.Qxb4 Qa5 26.Nb6 Qxb4 27.axb4 Ra2 28.Rg1 Rxe3
29.Nd7 Rea3 30.Ne5 Bd5  0-1

[Event "Chigorin mem"]
[Site "St Petersburg"]
[Date "1995.??.??"]
[Round "2"]
[White "Jakovenko, Dmitrij"]
[Black "Kochyev, Alexander"]
[Result "1/2-1/2"]
[WhiteElo "2275"]
[BlackElo "2450"]

1.e4 c5 2.Nf3 Nc6 3.d4 cxd4 4.Nxd4 g6 5.Nc3 Bg7 6.Be3 Nf6 7.Bc4 O-O 8.Bb3 a5
9.f3 d5 10.Bxd5 Nxd5 11.Nxd5 f5 12.Nxc6 bxc6 13.Nb6 Rb8 14.Qxd8 Rxd8 15.c3 fxe4
16.fxe4 Ba6 17.Bc5 Bh6 18.Rd1 Rxd1+ 19.Kxd1 Rd8+ 20.Kc2 Bd3+ 21.Kb3 Bxe4
22.Bxe7 Re8 23.Bc5 Bxg2 24.Rd1 Bf4 25.h4 Bh3  1/2-1/2

[Event "Chigorin mem"]
[Site "St Petersburg"]
[Date "1995.??.??"]
[Round "3"]
[White "Jakovenko, Dmitrij"]
[Black "Mishuchkov, Nikolai M"]
[Result "1/2-1/2"]
[WhiteElo "2275"]
[BlackElo "2375"]

1.e4 e5 2.Nf3 d6 3.d4 exd4 4.Nxd4 g6 5.Nc3 Bg7 6.Bc4 Nf6 7.Bg5 h6 8.Bh4 O-O
9.O-O c6 10.a4 Qc7 11.Qd2 Nbd7 12.Rad1 Re8 13.f3 Nf8 14.Nb3 Be6 15.Bxf6 Qb6+
16.Bd4 Bxd4+ 17.Qxd4 Bxc4 18.Rf2 Bxb3 19.Qxb6 axb6 20.cxb3 Ne6 21.b4 Red8
22.Rfd2 c5 23.Rxd6 cxb4 24.Rxd8+ Nxd8 25.Nd5 Ne6 26.b3 Nc5 27.Rb1 b5 28.axb5 Ra5
29.b6 Kg7 30.Nxb4 Rb5 31.Nd5 Nd7 32.Kf2 Nxb6 33.Nxb6 Rxb6 34.Ke3 Ra6 35.Rb2 Kf6
36.Kd4 Ke6 37.b4 Rd6+ 38.Kc5 Rc6+ 39.Kb5 g5 40.Ra2 f5 41.Ra7 fxe4 42.fxe4 Rc7
43.Ra8 Rc2 44.Rh8 Rxg2 45.Rxh6+ Ke5 46.Kb6 Kxe4 47.b5 Rb2 48.Rh7 Kf3 49.Rh5 Kg4
50.Rh6 Rb3 51.Rh8 Rb1 52.Rh7 Rb2 53.Kc5 Rc2+ 54.Kb6 Rb2 55.h3+ Kg3 56.Rh6 Rb1
57.Kc5 Rc1+ 58.Kd5 b6 59.Rxb6 g4  1/2-1/2

[Event "Chigorin mem"]
[Site "St Petersburg"]
[Date "1995.??.??"]
[Round "5"]
[White "Jakovenko, Dmitrij"]
[Black "Karasev, Vladimir I"]
[Result "1-0"]
[WhiteElo "2275"]
[BlackElo "2385"]

1.e4 c5 2.Nf3 Nc6 3.d4 cxd4 4.Nxd4 Qb6 5.Nb3 Nf6 6.Nc3 e6 7.Be3 Qc7 8.Bd3 Bb4
9.O-O Bxc3 10.bxc3 d5 11.exd5 Nxd5 12.Bc5 Nxc3 13.Qg4 g6 14.Qg5 Nd5 15.Rfe1 f5
16.Bc4 Qf4 17.Qxf4 Nxf4 18.g3 Nh3+ 19.Kg2 Ng5 20.f3 e5 21.Bb5 e4 22.fxe4 Nxe4
23.Bd3 b6 24.Bxe4 fxe4 25.Rxe4+ Kf7 26.Rf1+ Kg7 27.Bd4+ Nxd4 28.Re7+ Kh6
29.Nxd4 Rd8 30.Rf4 Rd5 31.Nf3 Rf5 32.Rh4+ Rh5 33.g4 Rxh4 34.g5+ Kh5 35.Rxh7+ Kg4
36.Rxh4+ Kf5 37.Kg3 Ke6 38.Rf4 Ke7 39.Nh4 Be6 40.Nxg6+ Kd6 41.Rf6 Rc8 42.Nf4 Rc3+
43.Kh4 Ke5 44.Nxe6 Rxc2 45.Kg3 Rxa2 46.h4 Ra3+  1-0

[Event "Chigorin mem"]
[Site "St Petersburg"]
[Date "1995.??.??"]
[Round "6"]
[White "Kobalija, Mihail"]
[Black "Jakovenko, Dmitrij"]
[Result "1/2-1/2"]
[WhiteElo "2430"]
[BlackElo "2275"]

1.e4 e5 2.Nf3 Nc6 3.Nc3 Nf6 4.Bb5 Bb4 5.O-O O-O 6.d3 d6 7.Bg5 Bxc3 8.bxc3 Qe7
9.Re1 Nd8 10.d4 Ne6 11.Bc1 c6 12.Bf1 Qc7 13.Nh4 c5 14.d5 Nd8 15.Bg5 Ne8 16.Qf3 c4
17.Reb1 f6 18.Bd2 Bd7 19.a4 b6 20.Nf5 Bxf5 21.exf5 Nb7 22.Qe4 Na5 23.Rb4 Rc8
24.Be3 Rf7 25.Rd1 Qb7 26.h3 Nc7 27.Bxc4 Na6 28.Bb5 Rxc3 29.Rb2 Rc8 30.Kh2 Nc5
31.Qb4 Qc7 32.Rbb1 Kh8  1/2-1/2

[Event "Chigorin mem"]
[Site "St Petersburg"]
[Date "1995.??.??"]
[Round "7"]
[White "Jakovenko, Dmitrij"]
[Black "Faibisovich, Vadim Z"]
[Result "1/2-1/2"]
[WhiteElo "2275"]
[BlackElo "2455"]

1.e4 c5 2.Nf3 Nc6 3.d4 cxd4 4.Nxd4 Nf6 5.Nc3 e6 6.Ndb5 Bb4 7.a3 Bxc3+ 8.Nxc3 d5
9.exd5 exd5 10.Bd3 O-O 11.O-O h6 12.b3 d4 13.Ne4 Bf5 14.Nxf6+ Qxf6 15.Qf3 Bxd3
16.Qxf6 gxf6 17.cxd3 Kg7 18.Bb2 Rfe8 19.Rfe1 Re5 20.b4 a5 21.Rxe5 Nxe5 22.Bxd4 Nc6
23.Bc3 axb4 24.axb4 Rxa1+ 25.Bxa1 Nxb4 26.d4 Nd5 27.g4 f5 28.h3 b5 29.Kg2 Kf6
30.Kg3 b4 31.Kh4 fxg4 32.hxg4 Kg6 33.Bb2 Nf4 34.Ba1 b3 35.f3 Nd5 36.Bb2 Nf4
37.Ba1 f6 38.Bc3 Kf7 39.Ba1 Kg6 40.Bc3 Nd5 41.Ba1 Nf4 42.Bc3 Kf7 43.Ba1 Ke6
44.Kg3 Nd3 45.Kh4 Ne1 46.Kh5 Nxf3 47.Kxh6 Ng5 48.Kg6 Ne4 49.Kg7 Nf2 50.d5+ Kxd5
51.Kxf6 Nxg4+ 52.Kf5 Nf2 53.Kf4 Nd1  1/2-1/2

[Event "Chigorin mem"]
[Site "St Petersburg"]
[Date "1995.??.??"]
[Round "8"]
[White "Bigaliev, Renat"]
[Black "Jakovenko, Dmitrij"]
[Result "1-0"]
[WhiteElo "2360"]
[BlackElo "2275"]

1.e4 e5 2.Nf3 Nc6 3.Nc3 Nf6 4.Bb5 Bb4 5.O-O O-O 6.d3 d6 7.Bg5 Bxc3 8.bxc3 Qe7
9.Re1 Nd8 10.d4 Ne6 11.Bd2 c5 12.Bf1 Nc7 13.h3 b5 14.Nh4 c4 15.g3 Bb7 16.Bg2 Ne6
17.Bc1 Qc7 18.f4 exf4 19.gxf4 Rfe8 20.Nf5 Nf8 21.d5 Qd7 22.Ba3 Nxd5 23.Qg4 g6
24.Nxd6 f5 25.Nxf5 Nf6 26.Qg5 Qe6 27.Nd6 Re7 28.Nxb7 Rxb7 29.e5 Nh5 30.f5 Qa6
31.Bc5 Rf7 32.Bd5 Rc8 33.Qe7  1-0

[Event "Chigorin mem"]
[Site "St Petersburg"]
[Date "1995.??.??"]
[Round "9"]
[White "Guliev, Sarhan"]
[Black "Jakovenko, Dmitrij"]
[Result "1/2-1/2"]
[WhiteElo "2495"]
[BlackElo "2275"]

1.d4 d5 2.c4 e6 3.Nc3 Nf6 4.Bg5 Be7 5.e3 O-O 6.Bxf6 Bxf6 7.cxd5 exd5 8.Bd3 c5
9.dxc5 d4 10.exd4 Bxd4 11.Nge2 Bxc5 12.O-O Nc6 13.Ng3 Qh4 14.Rc1 Ne5 15.Bf5 Bxf5
16.Nxf5 Qf4 17.Nd5 Qxf5 18.Rxc5 Kh8 19.Qd4 Nc6 20.Qc3 Qg6 21.b4 a6 22.a4 Qd6
23.b5 axb5 24.axb5 Ne5 25.Ne3 f6 26.f4 Ng6 27.g3 Ne7 28.Rd1 Qe6 29.f5 Qb6
30.Rd7 Rac8 31.Rxc8 Nxc8 32.Rc7 Nd6 33.Qc5 Qxc5 34.Rxc5 b6 35.Rd5 Ne4 36.Rd3 h5
37.Ng2 Rc8 38.Nf4 Rc5 39.Rd5 Rxd5 40.Nxd5  1/2-1/2

[Event "Budapest FS04 GM"]
[Site "Budapest"]
[Date "1996.??.??"]
[Round "1"]
[White "Videki, Sandor"]
[Black "Jakovenko, Dmitrij"]
[Result "1/2-1/2"]
[WhiteElo "2460"]
[BlackElo "2315"]

1.e4 e5 2.Nf3 Nc6 3.Bb5 a6 4.Bxc6 dxc6 5.O-O f6 6.d4 exd4 7.Nxd4 c5 8.Nb3 Qxd1
9.Rxd1 Bg4 10.f3 Bd7 11.Bf4 O-O-O 12.Nc3 c4 13.Na5 Bc5+ 14.Kf1 b5 15.Nd5 c6
16.b4 Ba7 17.Nc7 Bb8 18.Ne6 Bxf4 19.Nxc6 Re8 20.Na7+ Kb8 21.Nxf4 Re7 22.Nd5 Re6
23.Nf4 Re7 24.Nd5 Re6 25.Nf4 Re7  1/2-1/2

[Event "Budapest FS04 GM"]
[Site "Budapest"]
[Date "1996.??.??"]
[Round "3"]
[White "Palkovi, Jozsef"]
[Black "Jakovenko, Dmitrij"]
[Result "1-0"]
[WhiteElo "2480"]
[BlackElo "2315"]

1.e4 e5 2.Nf3 Nc6 3.Bb5 a6 4.Ba4 Nf6 5.O-O Be7 6.Re1 b5 7.Bb3 d6 8.c3 O-O
9.d4 Bg4 10.d5 Na5 11.Bc2 Qc8 12.h3 Bd7 13.Nbd2 c6 14.dxc6 Qxc6 15.Nf1 Rac8
16.Re2 Nc4 17.Ng3 g6 18.a4 Nb6 19.axb5 axb5 20.Bh6 Rfd8 21.Qc1 Kh8 22.Bg5 Qb7
23.Nh2 Ng8 24.Bxe7 Nxe7 25.f4 f6 26.f5 gxf5 27.exf5 Ng8 28.Qe1 Bc6 29.Ng4 Ra8
30.Rd1 Qg7 31.Bb3 Nc4 32.Qf2 Rd7 33.Ne3 d5 34.Bxc4 bxc4 35.Nc2 Ne7 36.Nb4 Rg8
37.Kh2 Ba8 38.Red2 Bb7 39.Nf1 d4 40.g4 d3 41.b3 cxb3 42.Nxd3 Rc7 43.Nc5 Bc8
44.Ng3 Qh6 45.Nce4 Rxg4 46.Nxf6 Qxf6 47.hxg4 Qh4+ 48.Kg1 Rxc3 49.Ne4 Qxg4+
50.Qg2 Qxg2+ 51.Rxg2  1-0

[Event "Budapest FS04 GM"]
[Site "Budapest"]
[Date "1996.??.??"]
[Round "4"]
[White "Jakovenko, Dmitrij"]
[Black "Keitlinghaus, Ludger"]
[Result "1/2-1/2"]
[WhiteElo "2315"]
[BlackElo "2475"]

1.e4 e5 2.Nf3 Nc6 3.Bb5 Nf6 4.Qe2 Bc5 5.c3 O-O 6.d3 d6 7.h3 Ne7 8.d4 exd4
9.cxd4 Bb4+ 10.Bd2 Bxd2+ 11.Nbxd2 c6 12.Bd3 Ng6 13.O-O Re8 14.Rfe1 Nd5 15.Nb3 Ndf4
16.Qe3 a5 17.Rad1 a4 18.Nc1 Ra5 19.e5 dxe5 20.Bxg6 Nxg6 21.dxe5 Qe7 22.Qc3 Rb5
23.Rd4 Nxe5 24.Nxe5 Rxe5 25.Rxe5 Qxe5 26.Rxa4 Qxc3 27.bxc3 Bf5 28.f3 g5 29.Kf2 Re5
30.Rb4 Rc5 31.Ne2 b5 32.a4 bxa4 33.Rxa4 Bd3 34.Ra3 Rb5 35.Ra8+ Kg7 36.Rd8 Bxe2  1/2-1/2

[Event "Budapest FS04 GM"]
[Site "Budapest"]
[Date "1996.??.??"]
[Round "5"]
[White "Cao Sang"]
[Black "Jakovenko, Dmitrij"]
[Result "1/2-1/2"]
[WhiteElo "2455"]
[BlackElo "2315"]

1.e4 e5 2.Nf3 Nc6 3.Bb5 a6 4.Ba4 Nf6 5.O-O Be7 6.Re1 b5 7.Bb3 d6 8.c3 O-O
9.h3 Re8 10.d4 Bf8 11.Nbd2 Bb7 12.a4 h6 13.Bc2 exd4 14.cxd4 Nb4 15.Bb1 c5
16.b3 cxd4 17.Nxd4 Qb6 18.Bb2 bxa4 19.Rxa4 d5 20.e5 Ne4 21.Nxe4 dxe4 22.Bxe4 Rxe5
23.Bxb7 Rxe1+ 24.Qxe1 Qxb7 25.Nf5 Nd3 26.Qc3 Nxb2 27.Qxb2 g6 28.Ne3 Bg7 29.Qc2 Rb8
30.Qa2 Qxb3 31.Rxa6 Qxa2 32.Rxa2 Rb1+ 33.Kh2 Be5+ 34.g3 Rb2 35.Rxb2 Bxb2  1/2-1/2

[Event "Budapest FS04 GM"]
[Site "Budapest"]
[Date "1996.??.??"]
[Round "6"]
[White "Jakovenko, Dmitrij"]
[Black "Rowson, Jonathan"]
[Result "1/2-1/2"]
[WhiteElo "2315"]
[BlackElo "2415"]

1.e4 c5 2.Nf3 d6 3.d4 Nf6 4.Nc3 cxd4 5.Nxd4 a6 6.Be2 e5 7.Nb3 Be7 8.O-O O-O
9.Be3 Be6 10.a4 Nbd7 11.f4 exf4 12.Rxf4 Ne8 13.Rf1 Bf6 14.Nd4 Be5 15.Qd2 Nef6
16.Nf5 Bxf5 17.exf5 Re8 18.Bf3 Nb6 19.Qd3 d5 20.Bd4 Nc4 21.Nxd5 Nxd5 22.Bxe5 Nde3
23.Bd4 Nxf1 24.Rxf1 Ne3 25.Bxe3 Qxd3 26.cxd3 Rxe3 27.Bxb7 Rb8 28.Bxa6 Rxb2
29.Bb5 Ree2 30.Bc6 Rb6 31.Bb5 Kf8 32.Rf2 Re1+ 33.Rf1 Rxf1+ 34.Kxf1 Ke7 35.Kf2 Kf6
36.g4 Ke5 37.Bc4 Kf4 38.h3 Rb1 39.a5 Ra1 40.a6 f6 41.Ke2 h5 42.gxh5 Kxf5
43.Ke3 Ke5 44.d4+ Kd6  1/2-1/2

[Event "Budapest FS04 GM"]
[Site "Budapest"]
[Date "1996.??.??"]
[Round "8"]
[White "Jakovenko, Dmitrij"]
[Black "Hoang Than Trang"]
[Result "0-1"]
[WhiteElo "2315"]
[BlackElo "2360"]

1.e4 e6 2.d4 d5 3.Nc3 dxe4 4.Nxe4 Qd5 5.Bd3 Nf6 6.Nxf6+ gxf6 7.Nf3 Rg8 8.O-O Nc6
9.Re1 Bd6 10.Be4 Qh5 11.c4 Bd7 12.d5 Ne7 13.dxe6 fxe6 14.Bxb7 Rb8 15.Be4 f5
16.Bc2 Bc6 17.Ba4 Bxh2+ 18.Kf1 Bxa4 19.Qxa4+ Kf7 20.Qd7 Rb6 21.c5 Ra6 22.Bg5 Rxg5
23.Nxg5+ Qxg5 24.Qd3 Ra4 25.Qb3 Re4 26.g3 Qh6 27.Qf3 Rg4 28.Rad1 Qh3+ 29.Qg2 Qh5
30.Rd7 Kf6 31.Rxc7 Nd5 32.Rd7 Nf4 33.Rxe6+ Nxe6 34.Rd6 Re4 35.f3 Re3 36.g4 Qh4  0-1

[Event "Budapest FS04 GM"]
[Site "Budapest"]
[Date "1996.??.??"]
[Round "9"]
[White "Kolbus, Dietmar"]
[Black "Jakovenko, Dmitrij"]
[Result "0-1"]
[WhiteElo "2325"]
[BlackElo "2315"]

1.c4 e6 2.Nf3 Nf6 3.d4 b6 4.g3 Ba6 5.Qa4 Bb7 6.Bg2 Be7 7.O-O O-O 8.Nc3 c5
9.Rd1 cxd4 10.Nxd4 Bxg2 11.Kxg2 d6 12.Bg5 Qc7 13.Rac1 Rc8 14.b3 Nbd7 15.Qa3 a6
16.Qb2 Bf8 17.f3 h6 18.Be3 Qb7 19.Bg1 Rc7 20.e4 Rac8 21.Bf2 Ne5 22.Nde2 b5
23.cxb5 axb5 24.Nd4 b4 25.Nce2 Rxc1 26.Nxc1 d5 27.exd5 Nxd5 28.Nce2 Bc5 29.Qd2 Rd8
30.Rf1 Nc3 31.Qe3 Nxe2 32.Qxe2 Bxd4 33.Bxd4 Nxf3 34.Qxf3 Qxf3+ 35.Kxf3 Rxd4
36.Ke3 e5 37.Rc1 f6 38.Rc7 h5 39.Ra7 Kh7 40.a4 bxa3 41.Rxa3 Rb4 42.Kd3 g5
43.Kc3 Rb8 44.b4 Kg6 45.Kc4 g4 46.b5 f5 47.Ra6+ Kg5 48.Re6 e4 49.b6 f4 50.Re5+ Kg6
51.Kb5 f3 52.Rxe4 Rf8 53.Re1 Kf5 54.b7 f2 55.Rb1 Ke4 56.Kc6 Kf3 57.b8=Q Rxb8
58.Rxb8 f1=Q 59.Rf8+ Kg2 60.Rxf1 Kxf1 61.Kd5 Kg2 62.Ke4 Kxh2 63.Kf4 Kh3 64.Kg5 Kxg3
65.Kxh5 Kf4 66.Kh4 g3 67.Kh3 Kf3  0-1

[Event "Budapest FS04 GM"]
[Site "Budapest"]
[Date "1996.??.??"]
[Round "12"]
[White "Jakovenko, Dmitrij"]
[Black "Lukacs, Peter"]
[Result "1/2-1/2"]
[WhiteElo "2315"]
[BlackElo "2440"]

1.e4 e5 2.Nf3 Nc6 3.Bb5 a6 4.Ba4 Nf6 5.O-O Be7 6.Re1 b5 7.Bb3 d6 8.c3 O-O
9.h3 Na5 10.Bc2 c5 11.d4 Qc7 12.Nbd2 Bd7 13.Nf1 cxd4 14.cxd4 Rac8 15.Bd3 Nc6
16.Be3 exd4 17.Nxd4 Ne5 18.Bb1 Nc4 19.Bc1 Rfe8 20.b3 Ne5 21.Bb2 d5 22.f4 Ng6
23.e5 Ne4 24.Bxe4 dxe4 25.Rxe4 Qb7 26.Qf3 Bc5 27.Re3 Qxf3 28.Rxf3 f6 29.Kh1 fxe5
30.fxe5 Nxe5 31.Rg3 Ng6 32.Rd1 Rf8 33.h4 Bd6 34.Rgd3 Bg4 35.Nf3 Bf4 36.N1h2 Bf5
37.Rc3 Rcd8 38.Rxd8 Rxd8 39.g4 Be4 40.Ba3 Nxh4 41.Kg1 Bd2 42.Nxd2 Rxd2 43.Rc8+ Kf7
44.Rf8+ Kg6 45.Rf2 Rd1+ 46.Rf1 Nf3+ 47.Nxf3 Bxf3 48.Rxd1 Bxd1 49.Be7 Bxg4
50.a4 Kf5 51.axb5 axb5 52.Kf2 g5 53.Kg3 h5 54.b4 h4+ 55.Kf2 Bd1 56.Bf8 Kg4
57.Be7 Kh5 58.Bd8 g4 59.Ke3 g3 60.Kf4 Bb3  1/2-1/2

[Event "RUS-Cup01 Chigorin mem"]
[Site "St Petersburg"]
[Date "1997.11.02"]
[Round "2"]
[White "Jakovenko, Dmitrij"]
[Black "Aseev, Konstantin N"]
[Result "0-1"]
[WhiteElo "2420"]
[BlackElo "2545"]

1.e4 c5 2.Nf3 d6 3.d4 cxd4 4.Nxd4 Nf6 5.Nc3 Nc6 6.Bg5 Qb6 7.Nb3 e6 8.Be2 Be7
9.O-O O-O 10.Bxf6 gxf6 11.Kh1 Kh8 12.f4 Rg8 13.Bd3 Bd7 14.Qh5 Rg7 15.Rae1 Nb4
16.Qa5 Bd8 17.Qxb6 Bxb6 18.Re2 Nxd3 19.cxd3 Rc8 20.a4 Rgg8 21.Nb5 Bxb5 22.axb5 Rgd8
23.g4 d5 24.e5 fxe5 25.fxe5 Kg7 26.Kg2 Rd7 27.Kf3 Rdc7 28.Rfe1 Rc2 29.h4 h6
30.Kg3 a5 31.bxa6 bxa6 32.Kf3 a5 33.Na1 Rxe2 34.Rxe2 Rc1 35.Nc2 Rd1 36.Ne1 a4
37.Kg2 Ba5 38.Nf3 Rxd3 39.Rc2 Rb3 40.Kf2 Bb6+ 41.Kg2 Be3  0-1

[Event "RUS-Cup01 Chigorin mem"]
[Site "St Petersburg"]
[Date "1997.11.03"]
[Round "3"]
[White "Maximenko, Oksana"]
[Black "Jakovenko, Dmitrij"]
[Result "0-1"]
[WhiteElo "2150"]
[BlackElo "2420"]

1.e4 e5 2.Nf3 Nc6 3.Nc3 Nf6 4.d4 Bb4 5.Nxe5 Nxe4 6.Qg4 Nxc3 7.Qxg7 Rf8 8.a3 Ba5
9.Nc4 Qe7+ 10.Be3 Nd5+ 11.Nxa5 Nxe3 12.Nxc6 Nxc2+ 13.Kd2 dxc6 14.Kxc2 Bf5+
15.Bd3 Qe2+  0-1

[Event "RUS-Cup01 Chigorin mem"]
[Site "St Petersburg"]
[Date "1997.11.04"]
[Round "4"]
[White "Jakovenko, Dmitrij"]
[Black "Kiriakov, Petr"]
[Result "0-1"]
[WhiteElo "2420"]
[BlackElo "2505"]

1.e4 e6 2.d4 d5 3.Nc3 Nf6 4.Bg5 dxe4 5.Nxe4 Be7 6.Bxf6 gxf6 7.Nf3 f5 8.Nc3 Bf6
9.Qd2 c5 10.dxc5 Qxd2+ 11.Kxd2 O-O 12.Rd1 Rd8+ 13.Kc1 Rxd1+ 14.Nxd1 Nd7 15.Bc4 Nxc5
16.Re1 a6 17.b4 Ne4 18.Bd3 Nc3 19.a3 a5 20.b5 Na4 21.Ne5 Be7 22.Nc4 Bd7 23.Ndb2 Bg5+
24.Ne3 Nc5 25.a4 e5 26.Kb1 e4 27.Bc4 Be6 28.Bxe6 fxe6 29.Nec4 Kf7 30.Rd1 Ke7
31.g3 Bf6 32.Kc1 Bc3 33.Nb6 Rd8 34.Rxd8 Kxd8 35.N2c4 Be1 36.Kd1 Bxf2 37.Nxa5 Bg1
38.Ke2 Bxh2 39.Kf2 e5 40.Nac4 f4 41.gxf4 exf4 42.Nd5 Nxa4 43.Kg2 Bg3 44.Nd6 Nc5
45.Nc3 e3 46.Nf5 Ne4 47.Ne2 Nd2 48.Nxe3 fxe3 49.Kxg3 Kc7 50.Kf4 Nc4 51.Ke4 Kb6
52.Nd4 Kc5 53.c3 b6 54.Kf3 h5 55.Kf4 h4 56.Kg4 Kd5 57.Kxh4 Ke4 58.Kg4 Kd3
59.Kf4 e2  0-1

[Event "RUS-Cup01 Chigorin mem"]
[Site "St Petersburg"]
[Date "1997.11.05"]
[Round "5"]
[White "Polovnikova, Ekaterina"]
[Black "Jakovenko, Dmitrij"]
[Result "0-1"]
[WhiteElo "2270"]
[BlackElo "2420"]

1.g3 Nf6 2.Bg2 d5 3.c4 e6 4.Nf3 dxc4 5.Qa4+ Nbd7 6.Qxc4 c5 7.O-O a6 8.Qc2 b5
9.b3 Bb7 10.Bb2 Bd6 11.d3 O-O 12.Nbd2 Rc8 13.Rac1 Qb6 14.Qb1 Ng4 15.Qa1 f6
16.Bh3 h5 17.d4 cxd4 18.Bxd4 Qd8 19.Qb1 Rxc1 20.Rxc1 e5 21.Bb2 f5 22.Nh4 Bc5
23.Bxg4 hxg4 24.Qd3 f4 25.Ne4 fxg3 26.hxg3 Bb6 27.e3 Nf6 28.Qxd8 Rxd8 29.Ng5 Ne4
30.Nxe4 Bxe4 31.Bxe5 Rd2 32.a3 Kf7 33.Ng2 g5 34.Bd4 Bxd4 35.exd4 Rd3 36.Re1 Rxd4
37.Ne3 Bf3 38.Rc1 Rd3 39.Rb1 Kf6 40.Kf1 Ke5 41.Ke1 Kd4 42.Rc1 Rxb3 43.Nc2+ Ke4
44.Kd2 Rd3+ 45.Ke1 Ke5 46.Ra1 a5 47.Rb1 Kd6 48.Ne3 Kc5 49.Rc1+ Kb6 50.Ra1 b4
51.axb4 axb4 52.Nc4+ Kb5 53.Nd2 b3 54.Rb1 Kb4 55.Rb2 Rc3 56.Rb1 Ka3  0-1